000 00980nam a22002417a 4500
999 _c9595
_d9595
003 AR-CdUCM
008 190328b ||||| |||| 00| 0 spa d
020 _a978-603-4016-39-2
040 _aMUNICIPALIDAD PROVINCIAL DEL CUSCO
_cBIBLIOTECA MUNICIPAL DEL CUSCO
041 _hspa
082 _aEP / 808.06
_bD73
100 _aKing-Smith, Dick
_925905
245 _aAristóteles :
_bel mejor gato para una bruja /
260 _aLima :
_bSantillana,
_bAlfaguara,
_c2008.
300 _a75 páginas ;
_bilustraciones a color,
_c20 cm.
500 _aCuando nace el gatito Aristóteles, su madre no le dice que los gatos tienen nueve vidas. Cuando va a parar a la casa de Bella Donna, poco a poco va perdiendo sus vidas, la casa es demasiado peligrosa para un gato aventurero. Título original: ARISTOTLE
650 _aCuento infantil
_93319
650 _aNarrativa
_967
650 _aSiglo XX
_98
700 _aGraham, Bob (Ilustrador)
_925906
942 _2ddc
_cLIBROS
945 _araen